PvZ Heroes Pea Plants - Statistics

General Stats
  • This quiz has been taken 5 times
  • The average score is 16 of 21
Answer Stats
Pea % Correct
Black Eyed Pea
100%
Fire Peashooter
100%
Gatling Pea
100%
Peanut
100%
Pea Pod
100%
Peashooter
100%
Podfather
100%
Clique Peas
75%
Cosmic Pea
75%
Primal Peashooter
75%
Repeater
75%
Snow Pea
75%
Sweet Pea
75%
Threenut
75%
Three Peater
75%
Wing Nut
75%
Pea Patch
50%
Pod Fighter
50%
Skyshooter
50%
Split Pea
50%
Sting Bean
50%
No matching quizzes found
Score Distribution
Percent of People with Each Score
Percentile by Number Answered
Your Score History
You have not taken this quiz